effect of mulching on garland chrysanthemum yield (ឥទ្ធិពលគំរបដី លើទិន្នផលដំណាំតាំងឧ៌) (Record no. 608)

000 -LEADER
fixed length control field 00487nam a22001337a 4500
040 ## - CATALOGING SOURCE
Transcribing agency RUA
082 ## - DEWEY DECIMAL CLASSIFICATION NUMBER
Classification number AGR UN 2004 B030 Or.1
100 ## - MAIN ENTRY--AUTHOR NAME
Personal name UN, SENGYI.
245 ## - TITLE STATEMENT
Title effect of mulching on garland chrysanthemum yield (ឥទ្ធិពលគំរបដី លើទិន្នផលដំណាំតាំងឧ៌)
260 ## - PUBLICATION, DISTRIBUTION, ETC. (IMPRINT)
Place of publication Phnnom Penh
300 ## - PHYSICAL DESCRIPTION
Number of Pages 57p.
Other physical details ill.
Dimensions 29cm.
856 ## - ELECTRONIC LOCATION AND ACCESS
Uniform Resource Identifier https://drive.google.com/file/d/1AfIl9faemQywXq2m-QKZWnHyeUVOIwqe/view?usp=sharing
942 ## - ADDED ENTRY ELEMENTS (KOHA)
Koha item type AGR
952 ## - LOCATION AND ITEM INFORMATION (KOHA)
Withdrawn status [LOCAL, KOHA] 0
952 ## - LOCATION AND ITEM INFORMATION (KOHA)
Withdrawn status [LOCAL, KOHA] 0
952 ## - LOCATION AND ITEM INFORMATION (KOHA)
Withdrawn status [LOCAL, KOHA] 0
952 ## - LOCATION AND ITEM INFORMATION (KOHA)
Withdrawn status [LOCAL, KOHA] 0
Holdings
Permanent Location Date acquired Koha item type Lost status Shelving location Barcode Current Location Full call number
Library Block B2015-09-17AGR B030RUA001496Library Block BAGR UN 2004 B030 Or.1
Library Block B2015-09-18AGR  RUA001172Library Block BAGR UN 2004 B030 Or.2
Library Block B2016-10-27AGR  A00415Library Block BAGR UN 2004 B030 Or.3
Library Block C2016-12-13AGR  A04545Library Block CAGR UN 2004 B030 Or.4
មជ្ឈមណ្ឌលឯការនៃសាកលវិទ្យាល័យភូមិន្ទកសិកម្មចំការដូង

Powered by Koha